[Event "Gothenburg INT"]
[Site "Gothenburg"]
[Date "1994.??.??"]
[Round "5"]
[White "Wikner, Arvid"]
[Black "Andreasson, Ingvar"]
[Result "0-1"]
[WhiteElo "2230"]
[BlackElo "2390"]
[PlyCount "76"]
[EventDate "1994.??.??"]
[EventType "tourn"]
[EventRounds "9"]
[EventCountry "SWE"]
[EventCategory "4"]
[SourceTitle "EXT 2001"]
[Source "ChessBase"]
[SourceDate "2000.11.22"]
[SourceVersion "1"]
[SourceVersionDate "2000.11.22"]
[SourceQuality "1"]

1. e4 e6 2. d4 d5 3. exd5 exd5 4. Nf3 c5 5. Bb5+ Bd7 6. Bxd7+ Nxd7 7. 0-0 Ngf6 8. Re1+ Be7 9. Qe2 Rc8 10. Nc3 Rc6 11. dxc5 Nxc5 12. Nd4 Ne6 13. Nxc6 bxc6 14. b3 0-0 15. Bb2 Bd6 16. Nd1 d4 17. g3 Re8 18. Qd3 Qa5 19. c3 Rd8 20. b4 Qd5 21. c4 Qh5 22. c5 Bb8 23. h4 Qd5 24. Bc1 h6 25. Nb2 g5 26. hxg5 hxg5 27. Rxe6 Qxe6 28. Bxg5 Re8 29. Bxf6 Qxf6 30. Nc4 Qg5 31. Rd1 Qd5 32. Nd2 Re6 33. Nf3 Be5 34. Nxd4 Bxd4 35. g4 Rh6 36. Kf1 Rh1+ 37. Ke2 Qxa2+ 38. Kf3 Rxd1 0-1